000 01319nam a22002657a 4500
999 _c1757
_d1757
003 CoMeUDC
005 20231109191901.0
008 231109b ||||| |||| 00| 0 eng d
020 _a9786071621184
040 _aCO-UdeC
_bspa
_cCO-UdeC
_dCO-UdeC
_eAARC
_eISBD
082 _a170.4
_bD993
100 _92463
_aDworkin, Ronald
240 _aJustice for Hedgehogs
_lInglish
245 _aJusticia para erizos /
_cRonald Dworkin.
260 _aMéxico :
_bFondo de Cultura Económica,
_c2014.
300 _a591 p. ;
_c24 cm.
490 _aSección de obras de política y derecho
505 0 0 _aINDEPENDENCIA -- La verdad en la moral -- El escepticismo externo -- La moral y las causas -- El escepticismo interno -- INTERPRETACIÓN -- La responsabilidad moral -- La interpretación en general -- La interpretación conceptual -- ÉTICA -- La dignidad -- El libre albedrío y la responsabilidad -- MORAL -- De la dignidad a la moral -- La ayuda -- El daño -- Las obligaciones -- POLÍTICA -- Los derechos y los conceptos políticos -- La igualdad -- La libertad -- La democracia -- El derecho -- La dignidad indivisible
546 _aEspañol
650 0 _92464
_aValores
_xÉtica
650 0 _92465
_aValores
_xMoral
650 0 _92467
_aValores
_xJusticia
650 0 _9542
_aFilosofía del derecho
942 _2ddc
_cBK